Histoire pour Tous : Hitler : le Graal et les sociétés secrètes /

Histoire por Tous es una publicación mensual francesa especializada en historia de Francia e historia universal, publicada por Editions Rouff, de 1960 hasta que fue asumida por la revista Historama en 1977. Se plantea como objetivo informar y compartir aportaciones e investigaciones en esta materia,...

Descripción completa

Guardado en:
Detalles Bibliográficos
Otros autores: Rosen, Denise (dirección) (dirección)
Formato: Libro
Idioma:Francés
Temas:
Etiquetas: Agrega una etiqueta
Sin etiquetas, Sé el primero en etiquetar este registro!

MARC

LEADER 00000nam^a2200000^a^4500
001 000376081
005 20250521000000.0
009 20260310120259.4
037 |a Acervo ITESO - Biblioteca 
041 |a FRA 
082 |a 905.  |b TOU V. 185 
240 1 1 |a [Histoire pour Tous] 
245 0 0 |a Histoire pour Tous :  |b Hitler : le Graal et les sociétés secrètes /  |c Dir. de D. Rosen. 
264 |a París, Francia :  |b Rouff,  |c 1975 
300 |a 64 p. 
336 |a texto  |b txt  |2 rdacontenido 
337 |a sin mediación  |b n  |2 rdamedio 
338 |a volumen  |b nc  |2 rdasoporte 
520 |a Histoire por Tous es una publicación mensual francesa especializada en historia de Francia e historia universal, publicada por Editions Rouff, de 1960 hasta que fue asumida por la revista Historama en 1977. Se plantea como objetivo informar y compartir aportaciones e investigaciones en esta materia, destinadas tanto a expertos en historia como a los que tienen simple curiosidad por ella. 
649 |a XX 
650 |a Indígenas de América del Norte 
650 |a Reyes Franceses 
650 |a Jefes de Estado Alemanes 
650 |a Escritores Franceses -  |x Biografías 
650 |a Militares Franceses -  |x Biografías 
650 |a Filósofos Griegos -  |x Biografías 
650 |a Vinos -  |z Francia -  |x Industria y Comercio 
650 |a Sectas -  |z Alemania -  |x Historia -  |y Tercer Reich, 1933-1945 
650 |a Sectas -  |z Alemania -  |x Historia -  |y Tema Principal 
650 |a Esoterismo -  |z Alemania -  |x Historia -  |y Tercer Reich, 1933-1945 
650 |a Astrología -  |z Alemania -  |x Historia -  |y Tercer Reich, 1933-1945 
650 |a Petróleo -  |z Emiratos Arabes Unidos 
650 |a Conspiración -  |z España 
650 |a Historia -  |x Difusión 
650 |a Historia Universal -  |x Tema Principal 
650 |a Antillas Menores -  |x Historia 
650 |a Caribe, El -  |x Historia 
650 |a Alemania -  |x Historia -  |y Tercer Reich, 1933-1945 
650 |a Francia -  |x Historia -  |y Caso Dreyfus, 1894-1906 
650 |a Emiratos Arabes Unidos -  |x Historia 
650 |a Emiratos Arabes Unidos -  |x Descripción 
650 |a España -  |x Historia -  |y Felipe V, 1700-1746 
650 |a Publicaciones Periódicas Francesas 
650 |a Hitler, Adolf -  |x Tema Principal 
650 |a Lamartine, Alphonse de 
650 |a Esterhazy, Ferdinand Walsin 
650 |a Diógenes de Sínope 
740 0 |a Histoire por Tous :  |b No. 185, Septembre 1975 /  |c Dir. de D. Rosen. 
700 |a Rosen, Denise  |e (dirección) 
910 |a Fondo General 
920 |a Impresos - Libros 
930 |a Colección General 
905 |a 101 
901 |a 0500270378  |b IT1  |c ACC  |i D76782  |u 20250521 
902 |a https://opac.biblio.iteso.mx/vufind/Record/000376081